000 01070nam a22001817a 4500
003 SISC
005 20160625113106.0
008 160625b xxu||||| |||| 00| 0 eng d
020 _a9781107401983
050 _aBF 441 .F533 2014
245 _aCritical thinking :
_ban introduction /
_cAlec Fisher.
250 _a2nd ed.
260 _aUK :
_bCambridge University Press,
_c2014
300 _aviii, 294 p. ;
_c25 cm.
520 _aThis engaging coursebook aims to teach critical thinking skills - the ability to interpret, analyse and evaluate ideas and arguments. Alec Fisher's approach is based on a widely shared conception of critical thinking and covers many of the basic skills and competencies displayed by good critical thinkers. This second edition has been extensively revised with updated examples and a brand new chapter on how to obtain reliable information from the internet. It is suitable for a wide range of students in schools, colleges and universities and may also be used for self-study.
650 _aCritical thinking.
942 _2lcc
_cBK
999 _c296194
_d296194